|
|
|
|
| LEADER |
01013nam a2200301 a 4500 |
| 001 |
000032357 |
| 003 |
CZ BrMZK |
| 005 |
20180219132108.0 |
| 008 |
950313s1995 xr f cze d |
| 015 |
|
|
|a cnb000114055
|
| 020 |
|
|
|a 80-85920-01-8
|
| 040 |
|
|
|a BOA001
|b cze
|
| 080 |
|
|
|a 621.8(075)
|2 MRF
|
| 080 |
|
|
|a 621(075.8)
|2 MRF
|
| 100 |
1 |
|
|a Mičkal, Karel
|7 jx20040618024
|4 aut
|
| 245 |
1 |
0 |
|a Strojnictví :
|b části strojů : pro učební a studijní obory SOU a SOŠ /
|c Karel Mičkal
|
| 246 |
3 |
3 |
|a Části strojů
|
| 250 |
|
|
|a Vyd. 1.
|
| 260 |
|
|
|a Praha :
|b Sobotáles,
|c 1995
|
| 300 |
|
|
|a 220 s. :
|b il. ;
|c 21 cm
|
| 653 |
0 |
|
|a strojnictví
|a části strojů
|
| 910 |
|
|
|a BOA001
|b TK-0257.344
|b PK-0123.491
|
| 920 |
|
|
|a 000033071
|
| 962 |
|
|
|a 621
|
| 962 |
|
|
|a 621.8
|
| 990 |
|
|
|a BK
|
| 996 |
7 |
|
|b 2620001435
|c TK-0257.344
|l MZK
|r Sklad / do 24 hodin
|n 10
|p kup
|w 000032357
|u 000010
|a 1
|e BOA001
|j MZK50
|s A
|
| 996 |
7 |
|
|b 3119000949
|c PK-0123.491
|l MZK
|r Sklad / do 1 hodiny
|n 12
|p p.v.
|w 000032357
|u 000020
|a 1
|e BOA001
|j MZK50
|s A
|